Normal view
MARC view
Entry Personal Name
001 - CONTROL NUMBER
- control field: 1045
003 - CONTROL NUMBER IDENTIFIER
- control field: BD-DhUIB
005 - DATE AND TIME OF LATEST TRANSACTION
- control field: 20251025164344.0
008 - FIXED-LENGTH DATA ELEMENTS
- fixed length control field: 251025|| aca||aabn | a|a d
040 ## - CATALOGING SOURCE
- Original cataloging agency: BD-DhUIB
- Transcribing agency: BD-DhUIB
100 ## - HEADING--PERSONAL NAME
- Personal name: Hiller, Frederick
670 ## - SOURCE DATA FOUND
- Source citation: Work cat.: (BD-DhUIB)604: Hiller, Frederick., Introduction to operations research/
